Vainqueurs d'étapes du Tour de France (2010-2025) - Statistiques

Statistiques générales
  • Ce quiz a été pris 90 fois
  • Le résultat moyen est 20 sur 40
Statistiques - réponses
Etape Vainqueur % Correct
Mont Aigoual 2020 Alexey Lutsenko
100%
Mûr-de-Bretagne 2015 Alexis Vuillermoz
100%
Col du Galibier 2011 Andy Schleck
100%
Vittel 2017 Arnaud Démare
100%
Vire Normandie 2025 Ben Healy
100%
Mûr-de-Bretagne 2011 Cadel Evans
100%
Mont Ventoux 2013 Christopher Froome
100%
La Planche des Belles Filles 2012 Christopher Froome
100%
La Super Planche des Belles Filles 2019 Dylan Teuns
100%
Combloux 2023 Jonas Vingegaard
100%
Hautacam 2022 Jonas Vingegaard
100%
Pau 2019 Julian Alaphilippe
100%
Saint-Flour 2011 Luis León Sánchez
100%
Marseille 2017 Maciej Bodnar
100%
Nuits-Saint-Georges 2017 Marcel Kittel
100%
Villars-les-Dombes 2016 Mark Cavendish
100%
Châteauroux 2011 Mark Cavendish
100%
Boulogne sur Mer 2025 Mathieu van der Poel
100%
Mûr-de-Bretagne 2021 Mathieu van der Poel
100%
Gap 2019 Matteo Trentin
100%
Longwy 2017 Peter Sagan
100%
Chambéry 2017 Rigoberto Urán
100%
Andorre-la-Vieille 2021 Sepp Kuss
100%
Mur de Bretagne 2025 Tadej Pogačar
100%
Hautacam 2025 Tadej Pogačar
100%
Peyragudes 2025 Tadej Pogačar
100%
Valloire 2024 Tadej Pogačar
100%
Pla d'Adet 2024 Tadej Pogačar
100%
Plateau de Beille 2024 Tadej Pogačar
100%
Col de la Couillole 2024 Tadej Pogačar
100%
Cauterets - Cambasque 2023 Tadej Pogačar
100%
Le Markstein 2023 Tadej Pogačar
100%
Longwy 2022 Tadej Pogačar
100%
La Super Planche des Belles Filles 2022 Tadej Pogačar
100%
La Planche des Belles Filles 2020 Tadej Pogačar
100%
Col du Tourmalet 2019 Thibaut Pinot
100%
Luchon Superbagnères 2025 Thymen Arensman
100%
Alpe d'Huez 2022 Tom Pidcock
100%
Barcelonnette 2024 Victor Campenaerts
100%
Val Thorens 2019 Vincenzo Nibali
100%
La Planche des Belles Filles 2014 Vincenzo Nibali
100%
Champs-Élysées 2021 Wout van Aert
100%
Luz-Ardiden 2021 Tadej Pogačar
89%
Nice 2020 (1ère étape) Alexander Kristoff
88%
Bruxelles 2019 (2ème étape) Jumbo-Visma
88%
Station des Rousses 2017 Lilian Calmejane
88%
Col de la Loze 2020 Miguel Ángel López
88%
L'Alpe d'Huez 2018 Geraint Thomas
86%
Lille 2025 Jasper Philipsen
86%
Megève 2022 Magnus Cort Nielsen
86%
Peyragudes 2017 Romain Bardet
86%
Bilbao 2023 Adam Yates
83%
Col du Tourmalet 2010 Andy Schleck
83%
Morzine - Les Portes du Soleil 2023 Carlos Rodríguez
83%
Col du Granon 2022 Jonas Vingegaard
83%
La Roche-sur-Yon 2018 Peter Sagan
83%
Rimini 2024 Romain Bardet
83%
Tignes 2021 Ben O'Connor
80%
La Planche des Belles Filles 2017 Fabio Aru
80%
Nogaro 2023 Jasper Philipsen
80%
Le Lioran 2024 Jonas Vingegaard
80%
Bagnères-de-Luchon 2018 Julian Alaphilippe
80%
Liège 2017 Marcel Kittel
80%
Orcières-Merlette 2020 Primož Roglič
80%
Isola 2000 2024 Tadej Pogačar
80%
Oyonnax 2014 Tony Gallopin
80%
Laruns 2023 Jai Hindley
78%
Col de Loze 2025 Ben O'Connor
75%
Gérardmer - La Mauselaine 2014 Blel Kadri
75%
Champs-Élysées 2017 Dylan Groenewegen
75%
Champs-Élysées 2022 Jasper Philipsen
75%
Le Grand-Bornand 2018 Julian Alaphilippe
75%
Mende 2022 Michael Matthews
75%
Mende 2018 Omar Fraile
75%
Gevrey-Chambertin 2024 Remco Evenepoel
75%
Nice 2024 Tadej Pogačar
75%
Laruns 2020 Tadej Pogačar
75%
Grand Colombier 2020 Tadej Pogačar
75%
La Plagne 2025 Thymen Arensman
75%
La Caverne du Pont-d'Arc 2016 Tom Dumoulin
75%
Foix 2017 Warren Barguil
75%
Champs Elysées 2025 Wout van Aert
75%
Calais 2022 Wout van Aert
75%
Malaucène 2021 Wout van Aert
75%
Privas 2020 Wout van Aert
75%
Puy Mary 2020 Daniel Martínez
73%
Zélande 2015 André Greipel
71%
Colombey les deux Eglises 2024 Biniam Girmay
71%
Mur de Huy 2015 Joaquim Rodríguez
71%
Toulouse 2025 Jonas Abrahamsen
71%
Rouen 2025 Tadej Pogačar
71%
Izoard 2017 Warren Barguil
71%
Peyragudes 2012 Alejandro Valverde
67%
Valence 2015 André Greipel
67%
L'Alpe d'Huez 2013 Christophe Riblon
67%
Courchevel 2023 Felix Gall
67%
Morzine 2016 Ion Izagirre
67%
Pau 2024 Jasper Philipsen
67%
Nimes 2024 Jasper Philipsen
67%
Bayonne 2023 Jasper Philipsen
67%
Espace Mayenne 2025 Jonathan Milan
67%
Landerneau 2021 Julian Alaphilippe
67%
Nice 2020 (2ème étape) Julian Alaphilippe
67%
Bourg-en-Bresse 2023 Kasper Asgreen
67%
Bologne 2024 Kévin Vauquelin
67%
Troyes 2017 Marcel Kittel
67%
Bastia 2013 Marcel Kittel
67%
Fougères 2021 Mark Cavendish
67%
Châteauroux 2021 Mark Cavendish
67%
Sainte-Marie-du-Mont 2016 Mark Cavendish
67%
Montpellier 2011 Mark Cavendish
67%
Poligny 2023 Matej Mohorič
67%
Bruxelles 2019 (1ère étape) Mike Teunissen
67%
Col de Portet 2018 Nairo Quintana
67%
Quimper 2018 Peter Sagan
67%
Montpellier 2016 Peter Sagan
67%
Caen 2025 Remco Evenepoel
67%
Arenberg - Porte du Hainaut 2022 Simon Clarke
67%
Porrentruy 2012 Thibaut Pinot
67%
Dunkerque 2025 Tim Merlier
67%
Rocamadour 2022 Wout van Aert
67%
Valence 2021 Mark Cavendish
63%
Bagnères-de-Luchon 2012 Thomas Voeckler
63%
Champs-Élysées 2015 André Greipel
60%
Toulouse 2019 Caleb Ewan
60%
Nîmes 2019 Caleb Ewan
60%
Champs-Élysées 2019 Caleb Ewan
60%
Cahors 2022 Christophe Laporte
60%
Megève 2016 Christopher Froome
60%
Bordeaux 2023 Jasper Philipsen
60%
Moulins 2023 Jasper Philipsen
60%
Roubaix 2018 John Degenkolb
60%
Champs-Élysées 2012 Mark Cavendish
60%
Champs-Élysées 2011 Mark Cavendish
60%
Le Creusot 2021 Matej Mohorič
60%
Valloire 2019 Nairo Quintana
60%
Loudenvielle 2020 Nans Peters
60%
Valence 2018 Peter Sagan
60%
Albi 2013 Peter Sagan
60%
Luz-Ardiden 2011 Samuel Sánchez
60%
Lyon 2020 Søren Kragh Andersen
60%
Peyragudes 2022 Tadej Pogačar
60%
Espelette 2018 Tom Dumoulin
60%
Mont Ventoux 2025 Valentin Paret-Peintre
60%
Hautacam 2014 Vincenzo Nibali
60%
Saint Amand Morond 2024 Jasper Philipsen
57%
Valence 2025 Jonathan Milan
57%
Saint Vulbas 2024 Mark Cavendish
57%
Issoire 2023 Pello Bilbao
56%
Bruxelles 2010 Alessandro Petacchi
50%
Champs-Élysées 2016 André Greipel
50%
Morzine - Avoriaz 2010 Andy Schleck
50%
Pau 2018 Arnaud Démare
50%
Quillan 2021 Bauke Mollema
50%
Sisteron 2020 Caleb Ewan
50%
Bagnères-de-Luchon 2016 Christopher Froome
50%
Annonay - Davézieux 2012 David Millar
50%
Chartres 2018 Dylan Groenewegen
50%
Le Grand-Bornand 2021 Dylan Teuns
50%
Rotterdam 2010 Fabian Cancellara
50%
Sarzeau 2018 Fernando Gaviria
50%
La Rosière 2018 Geraint Thomas
50%
Düsseldorf 2017 Geraint Thomas
50%
Le Lioran 2016 Greg Van Avermaet
50%
Rodez 2015 Greg Van Avermaet
50%
Belleville-en-Beaujolais 2023 Ion Izagirre
50%
Champs-Élysées 2023 Jordi Meeus
50%
Foix 2012 Luis León Sánchez
50%
Limoges 2023 Mads Pedersen
50%
Pau 2017 Marcel Kittel
50%
Limoges 2016 Marcel Kittel
50%
Lille 2014 Marcel Kittel
50%
Sarran 2020 Marc Hirschi
50%
Brive-la-Gaillarde 2012 Mark Cavendish
50%
Libourne 2021 Matej Mohorič
50%
Colmar 2019 Peter Sagan
50%
Berne 2016 Peter Sagan
50%
Serre Chevalier 2017 Primož Roglič
50%
Cauterets 2015 Rafał Majka
50%
Risoul 2014 Rafał Majka
50%
Super Dévoluy 2024 Richard Carapaz
50%
Pra-Loup 2015 Simon Geschke
50%
Le Mont Dore - Puy de Sancy 2025 Simon Yates
50%
Bagnères-de-Bigorre 2019 Simon Yates
50%
Col du Portet 2021 Tadej Pogačar
50%
Bellegarde-sur-Valserine 2012 Thomas Voeckler
50%
Châteauroux 2025 Tim Merlier
50%
Saint-Sébastien 2023 Victor Lafay
50%
Albi 2019 Wout van Aert
50%
Semnoz 2013 Nairo Quintana
45%
Ax 3 Domaines 2010 Christophe Riblon
43%
Plateau de Beille 2015 Joaquim Rodríguez
43%
Pontarlier 2025 Kaden Groves
43%
Londres 2014 Marcel Kittel
43%
Fougères 2015 Mark Cavendish
43%
Rodez 2017 Michael Matthews
43%
Saint-Gaudens 2021 Patrick Konrad
43%
Laruns 2018 Primož Roglič
43%
Champs-Élysées 2018 Alexander Kristoff
40%
Dijon 2024 Dylan Groenewegen
40%
Finhaut - Émosson 2016 Ilnur Zakarin
40%
Carcassonne 2022 Jasper Philipsen
40%
Angers 2016 Mark Cavendish
40%
Champs-Élysées 2010 Mark Cavendish
40%
Mont des Alouettes 2011 Philippe Gilbert
40%
Foix - Prat d'Albis 2019 Simon Yates
40%
Lac de Payolle 2016 Steve Cummings
40%
Saint-Étienne 2019 Thomas De Gendt
40%
Andorre - Arcalis 2016 Tom Dumoulin
40%
Gueugnon 2010 Mark Cavendish
38%
Utrecht 2015 Rohan Dennis
38%
Champs-Élysées 2020 Sam Bennett
38%
Spa 2010 Sylvain Chavanel
38%
Turin 2024 Biniam Girmay
33%
Villeneuve sur Lot 2024 Biniam Girmay
33%
Ax 3 Domaines 2013 Christopher Froome
33%
Chorges 2013 Christopher Froome
33%
Pauillac 2010 Fabian Cancellara
33%
Épernay 2019 Julian Alaphilippe
33%
Villard-de-Lans 2020 Lennard Kämna
33%
Saint-Étienne 2022 Mads Pedersen
33%
Saint-Malo 2013 Marcel Kittel
33%
Marseille 2013 Mark Cavendish
33%
Lavaur 2011 Mark Cavendish
33%
Nancy 2014 Matteo Trentin
33%
Puy de Dôme 2023 Michael Woods
33%
Grand Colombier 2023 Michał Kwiatkowski
33%
Cherbourg-Octeville 2016 Peter Sagan
33%
Metz 2012 Peter Sagan
33%
L'Alpe d'Huez 2011 Pierre Rolland
33%
Gap 2013 Rui Costa
33%
Saint-Martin-de-Ré 2020 Sam Bennett
33%
Chalet Reynard 2016 Thomas De Gendt
33%
Sheffield 2014 Vincenzo Nibali
33%
Chamrousse 2014 Vincenzo Nibali
33%
Montpellier 2013 André Greipel
29%
Nancy 2019 Elia Viviani
29%
Harrogate 2014 Marcel Kittel
29%
Mulhouse 2014 Tony Martin
29%
Saint-Gervais-les-Bains - Le Bettex 2023 Wout Poels
29%
Saint-Quentin 2012 André Greipel
25%
Le Cap d'Agde 2012 André Greipel
25%
La Pierre Saint-Martin 2015 Christopher Froome
25%
Bagnères-de-Bigorre 2013 Dan Martin
25%
Salon-de-Provence 2017 Edvald Boasson Hagen
25%
Nyborg 2022 Fabio Jakobsen
25%
Ajaccio 2013 Jan Bakelants
25%
Champs-Élysées 2014 Marcel Kittel
25%
La Roche-sur-Foron 2020 Michał Kwiatkowski
25%
La Toussuire - Les Sybelles 2012 Pierre Rolland
25%
Saint-Jean-de-Maurienne 2015 Romain Bardet
25%
Le Grand-Bornand 2013 Rui Costa
25%
Station des Rousses 2010 Sylvain Chavanel
25%
Laval 2021 Tadej Pogačar
25%
Lourdes 2011 Thor Hushovd
25%
Gap 2011 Thor Hushovd
25%
Lavaur 2020 Wout van Aert
25%
Nîmes 2021 Nils Politt
22%
Saint-Étienne 2014 Alexander Kristoff
20%
Plumelec 2015 BMC
20%
Poitiers 2020 Caleb Ewan
20%
Lisieux 2011 Edvald Boasson Hagen
20%
Fontenay-le-Comte 2018 Fernando Gaviria
20%
Foix 2022 Hugo Houle
20%
Mende 2010 Joaquim Rodríguez
20%
Montargis 2010 Mark Cavendish
20%
Bagnères-de-Luchon 2014 Michael Rogers
20%
Nice 2013 Orica-GreenEDGE
20%
Gap 2015 Rubén Plaza
20%
Calvi 2013 Simon Gerrans
20%
Champagnole 2020 Søren Kragh Andersen
20%
Pontivy 2021 Tim Merlier
20%
Cambrai 2015 Tony Martin
20%
Mont Saint-Michel 2013 Tony Martin
20%
Nîmes 2014 Alexander Kristoff
17%
Besançon 2012 Bradley Wiggins
17%
Pinerolo 2011 Edvald Boasson Hagen
17%
Carcassonne 2021 Mark Cavendish
17%
Tournai 2012 Mark Cavendish
17%
Bordeaux 2010 Mark Cavendish
17%
Seraing 2012 Peter Sagan
17%
Pla d'Adet 2014 Rafał Majka
17%
Arenberg - Porte du Hainaut 2010 Thor Hushovd
17%
Reims 2014 André Greipel
14%
Le Puy-en-Velay 2017 Bauke Mollema
14%
Cap Fréhel 2011 Mark Cavendish
14%
Saint-Jean-de-Maurienne 2010 Sandy Casar
14%
Chalon-sur-Saône 2019 Dylan Groenewegen
13%
Carcassonne 2018 Magnus Cort Nielsen
13%
Montauban 2016 Mark Cavendish
13%
Bourg-lès-Valence 2010 Mark Cavendish
13%
Le Havre 2015 Zdeněk Štybar
13%
Reims 2010 Alessandro Petacchi
0%
Revel 2010 Alexandre Vinokourov
0%
Amiens 2015 André Greipel
0%
Rouen 2012 André Greipel
0%
Carmaux 2011 André Greipel
0%
Troyes 2024 Anthony Turgis
0%
Cholet 2018 BMC
0%
Châtel - Les Portes du Soleil 2022 Bob Jungels
0%
Chartres 2012 Bradley Wiggins
0%
Mûr-de-Bretagne 2018 Dan Martin
0%
Brioude 2019 Daryl Impey
0%
Sønderborg 2022 Dylan Groenewegen
0%
Amiens 2018 Dylan Groenewegen
0%
Liège 2012 Fabian Cancellara
0%
Les Essarts 2011 Garmin-Cervélo
0%
Culoz 2016 Jarlinson Pantano
0%
Plateau de Beille 2011 Jelle Vanendert
0%
Arenberg - Porte du Hainaut 2014 Lars Boom
0%
Bergerac 2017 Marcel Kittel
0%
Tours 2013 Marcel Kittel
0%
Champs-Élysées 2013 Marcel Kittel
0%
Saint-Amand-Montrond 2013 Mark Cavendish
0%
Lyon 2013 Matteo Trentin
0%
Romans-sur-Isère 2017 Michael Matthews
0%
Revel 2016 Michael Matthews
0%
Boulogne-sur-Mer 2012 Peter Sagan
0%
Pau 2012 Pierrick Fédrigo
0%
Pau 2010 Pierrick Fédrigo
0%
Bergerac 2014 Ramūnas Navardauskas
0%
Saint-Gervais-Mont-Blanc - Le Bettex 2016 Romain Bardet
0%
Super-Besse - Sancy 2011 Rui Costa
0%
Gap 2010 Sérgio Paulinho
0%
Mende 2015 Steve Cummings
0%
L'Alpe d'Huez 2015 Thibaut Pinot
0%
Bagnères-de-Luchon 2010 Thomas Voeckler
0%
Carcassonne 2025 Tim Wellens
0%
Périgueux 2014 Tony Martin
0%
Grenoble 2011 Tony Martin
0%
Redon 2011 Tyler Farrar
0%
La Toussuire - Les Sybelles 2015 Vincenzo Nibali
0%
Lausanne 2022 Wout van Aert
0%
Saint-Émilion 2021 Wout van Aert
0%
Copenhague 2022 Yves Lampaert
0%
Aucun quiz correspondant
Distribution des résultats
% des personnes avec chaque résultat
Percentile par nombre de réponses
Votre historique - résultats
Vous n’avez pas pris ce quiz